000 00731nam a2200277Ia 4500
005 20260320195858.0
008 008 262003s9999 xx 000 0 hin d
020 _a9789388753647
037 _aEBOOK
040 _aCRL
040 _bhin
040 _cCRL
041 _2hin
041 _ahin
084 _qCRL
100 _aप्रफुल्ल बिदवई, अनु. वन्दना मिश्रा
_91133420
245 0 _aदोराहे पर वाम
250 _a1st
260 _bRajkamal
260 _c2019
300 _a400
856 _uhttps://ebook.indiaread.in/pdfs/1167_dorahe_par_vam_by_praful_bidwai.pdf
942 _cEBOOK
999 _c1716981
_d1716981